• 首页
  • 本馆介绍
  • 公告通知
  • 最新文献
  • 馆藏检索
  • 电子资源
  • 读者导购
  • 参考咨询
  • 我的图书馆
  • 登录
  • 详细信息显示
  • 放入我的书架
  • 预约/预借图书
  • 作者相关作品
  • 分类相关作品
  • 丛书相关作品
  • 出版社相关作品

书目信息

  • 表格格式
  • 工作单格式
  • 卡片格式
题名:
追寻对的教育方式
    
 
作者: 孙民云 著
分册:  
出版信息: 上海   华东师范大学出版社  2019.12
页数: 193页
开本: 23cm
丛书名:
单 册:
中图分类: G4
科图分类:
主题词: 教育方法--jiao yu fang fa--研究
电子资源:
ISBN: 978-7-5675-9222-3
000 00847nam0 2200241 450
001 0104125640
005 20201104125713.0
010    @a978-7-5675-9222-3@dCNY45.00
100    @a20190921d2019 em y0chiy50 ea
101 0  @achi
102    @aCN@b310000
105    @ay z 000yy
106    @ar
200 1  @a追寻对的教育方式@Azhui xun dui de jiao yu fang shi@f孙民云著
210    @a上海@c华东师范大学出版社@d2019.12
215    @a193页@d23cm
300    @a大夏书系·教育新思考
330    @a本书以“用对的方式做教育”为主线,结合作者当教师、校长、教育局领导等不同阶段的经历,分别精选了记录其教育思考与行动的文章,倡导教师用对的方式爱学生、校长以及教育领导用对的方式管理学校。
606 0  @a教育方法@Ajiao yu fang fa@x研究
690    @aG4@v5
701  0 @a孙民云@Asun min yun@4著
801  0 @aCN@bBJSZM@c20201104
905    @b1261602-5@dG4@e289@f4
    
    追寻对的教育方式/孙民云著.-上海:华东师范大学出版社,2019.12
    193页;23cm
    大夏书系·教育新思考
    
    ISBN 978-7-5675-9222-3:CNY45.00
    本书以“用对的方式做教育”为主线,结合作者当教师、校长、教育局领导等不同阶段的经历,分别精选了记录其教育思考与行动的文章,倡导教师用对的方式爱学生、校长以及教育领导用对的方式管理学校。
●
相关链接 在E读中查询图书 在五车中查询图书 在当当中查询图书 在豆瓣中查询图书


正题名:追寻对的教育方式     索取号:G4/289         预约/预借

序号 登录号 条形码 馆藏地/架位号 状态 备注
1 1261602   212616025   第一样本阅览室/ [索取号:G4/289] 在馆    
2 1261603   212616034   教育系资料室/ [索取号:G4/289] 在馆    
3 1261604   212616043   教育系资料室/ [索取号:G4/289] 在馆    
4 1261605   212616052   第四借阅区/ [索取号:G4/289] 在馆    
唐山师范学院图书馆 欢迎您!
大连网信软件有限公司© 版权所有